Microprocessors systems design (Record no. 171854)

000 -LEADER
fixed length control field 00349nam a2200133Ia 4500
008 - FIXED-LENGTH DATA ELEMENTS--GENERAL INFORMATION
fixed length control field 220217s9999||||xx |||||||||||||| ||und||
020 ## - INTERNATIONAL STANDARD BOOK NUMBER
International Standard Book Number 981-243-129-2
082 ## - DEWEY DECIMAL CLASSIFICATION NUMBER
Classification number 004.165 CLE
100 ## - MAIN ENTRY--PERSONAL NAME
Personal name Clements, Alan
9 (RLIN) 3411
245 #0 - TITLE STATEMENT
Title Microprocessors systems design
260 ## - PUBLICATION, DISTRIBUTION, ETC.
Place of publication, distribution, etc. Thomson
Name of publisher, distributor, etc. Boston
Date of publication, distribution, etc. 2003
300 ## - PHYSICAL DESCRIPTION
Other physical details 1248
650 ## - SUBJECT ADDED ENTRY--TOPICAL TERM
Topical term or geographic name entry element MICROPROCESSOR
Holdings
Withdrawn status Lost status Damaged status Not for loan Collection code Home library Current library Shelving location Date acquired Full call number Barcode Date last seen Price effective from Koha item type
        Computer Science and Engineering Central Library Central Library Reference 02/18/2022 004.165 CLE 7043 02/18/2022 02/18/2022 Books

Powered by Koha